000 00213 a2200097 4500
001 1719
100 _aWells, S.H.
245 _aEngineering drawing and design Pt-11
260 _a
_bGriffin
_c
090 _c1256
_d1256
942 _aNUST-CAE
_cM
_c2847
999 _c236792
_d236792